[Event "EU-ch Amateur Online Final 1400/1700"]
[Site "Tornelo INT"]
[Date "2021.04.18"]
[Round "1"]
[White "Mammadli, Nuray"]
[Black "Stathatos, Alexandros"]
[Result "1/2-1/2"]
[WhiteElo "1166"]
[BlackElo "1562"]
[PlyCount "106"]
[EventDate "2021.04.18"]
[EventType "swiss (rapid)"]
[EventRounds "9"]
[EventCountry "NET"]
[SourceTitle "EXT 2023"]
[Source "ChessBase"]
[SourceDate "2022.10.05"]
[SourceVersion "1"]
[SourceVersionDate "2022.10.05"]
[SourceQuality "1"]

1. e4 c5 2. Nf3 Nc6 3. Bb5 g6 4. Nc3 Bg7 5. 0-0 Nf6 6. h3 0-0 7. e5 Ne8 8. Re1 Nc7 9. Bxc6 dxc6 10. d4 cxd4 11. Qxd4 Qxd4 12. Nxd4 c5 13. Ndb5 Nxb5 14. Nxb5 Bf5 15. Nc7 Rad8 16. Bg5 Rd7 17. Nb5 Bxc2 18. Rac1 Bd3 19. Nc3 b6 20. Bf4 Rfd8 21. e6 fxe6 22. Rxe6 Bf5 23. Ree1 Kf7 24. Be5 Bh6 25. Rcd1 Rxd1 26. Rxd1 Rxd1+ 27. Nxd1 a6 28. Ne3 Be6 29. a3 Bxe3 30. fxe3 Bd5 31. Kf2 b5 32. g3 Ke6 33. Bb8 Kf5 34. Ke2 Ke4 35. g4 Bc4+ 36. Kf2 Be6 37. Ke2 Bc4+ 38. Kf2 b4 39. Ba7 Kd5 40. axb4 cxb4 41. Bd4 a5 42. Ke1 e5 43. Bb6 a4 44. Ba5 a3 45. bxa3 bxa3 46. Bc3 Ke4 47. Kf2 g5 48. Ba1 Bd5 49. Bc3 h6 50. Ba1 Bc4 51. Bc3 Bd5 52. Ba1 Bc4 53. Bc3 Bd5 1/2-1/2